| 000 | 00610nam a22001937a 4500 | ||
|---|---|---|---|
| 003 | OSt | ||
| 005 | 20251103025829.0 | ||
| 008 | 251103b |||||||| |||| 00| 0 eng d | ||
| 020 | _a13:978-0-07-238132-0. | ||
| 040 |
_aDWCL-Main lib _cOC |
||
| 082 |
_27th ed. _aCirc. 420 L272s 2003 |
||
| 100 | _aLangan, John | ||
| 245 |
_aSentence skills form A : _ba workbook for writers 7th ed. _cLangan, John |
||
| 260 |
_aBoston : _bMcGraw-Hill, _cc2003. |
||
| 300 |
_axvii, 599 pages ; _c23 cm. |
||
| 504 | _aIncludes index. | ||
| 650 | _21. English language-Study and teaching. | ||
| 942 |
_2ddc _cBK-CIRC _e7th ed. _kCirc. _n0 |
||
| 999 |
_c5388 _d5388 |
||